با لميکی ر ا ما ين (Record no. 170023)

MARC details
000 -LEADER
fixed length control field 00641nam a22001937a 4500
005 - DATE AND TIME OF LATEST TRANSACTION
control field 20191210122949.0
010 ## - LCCN (DPL NO)
LC control number A-318635
020 ## - INTERNATIONAL STANDARD BOOK NUMBER
Terms of availability N.A.
International Standard Book Number -
035 ## - SYSTEM CONTROL NUMBER
System control number A-318635
037 ## - SOURCE OF ACQUISITION
Source of stock number/acquisition BPPD
082 ## - DEWEY DECIMAL CLASSIFICATION NUMBER
Classification number 230.2
100 ## - MAIN ENTRY--PERSONAL NAME
Personal name مہا ر شی شيو بر ت لا ل و ر من
245 ## - TITLE STATEMENT
Title با لميکی ر ا ما ين
Statement of responsibility, etc مہا ر شی شيو بر ت لا ل و ر من
246 ## - VARYING FORM OF TITLE
Title proper/short title Balmiki Ramayan (Urdu)
Remainder of title by Maha Rishi Shiv Barat Lal Warman
260 ## - PUBLICATION, DISTRIBUTION, ETC. (IMPRINT)
Place of publication, distribution, etc Punjab
Date of publication, distribution, etc 1988 ء
Name of publisher, distributor, etc Azad Book Depot
270 ## - ADDRESS
Address Hall Bazar,Amritsar
City Punjab
Telephone number -
Postal code -
300 ## - PHYSICAL DESCRIPTION
Extent 280 ص
Dimensions 22 cm(hb)
942 ## - ADDED ENTRY ELEMENTS (KOHA)
Source of classification or shelving scheme Dewey Decimal Classification
Item type Urdu Bks
Classification part 230.2
Call number suffix و ر م
Holdings
Withdrawn status Lost status Not for loan Collection code Home library Current library Date acquired Source of acquisition Cost, normal purchase price Full call number Barcode Copy number Cost, replacement price Koha item type
      Non-fiction Central Library Central Library 10/12/2019 BPPD/Ven. 150.00 230.2 و ر م A-318635 1 150.00 Urdu Bks

© Delhi Public Library
Hit Counter
free hit counter